[Event "GER-chT Lands U20"]
[Site "Verden an der Aller"]
[Date "2007.09.29"]
[Round "1.6"]
[White "Oez, Eda"]
[Black "Guennigmann, Laura"]
[Result "0-1"]
[WhiteElo "1536"]
[BlackElo "1735"]
[PlyCount "70"]
[EventDate "2007.09.29"]
[EventType "team-swiss"]
[EventRounds "7"]
[EventCountry "GER"]
[SourceTitle "CBM 120 Extra"]
[Source "ChessBase"]
[SourceDate "2007.11.01"]
[SourceVersion "1"]
[SourceVersionDate "2007.11.01"]
[SourceQuality "1"]
[WhiteTeam "Hessen"]
[BlackTeam "Niedersachsen"]
[WhiteTeamCountry "GER"]
[BlackTeamCountry "GER"]

1. e4 c5 2. Nf3 Nc6 3. d4 cxd4 4. Nxd4 Nf6 5. Nc3 e5 6. Ndb5 d6 7. a4 a6 8. Na3 Be6 9. Bc4 Nb4 10. Bg5 Be7 11. Bxf6 Bxf6 12. 0-0 0-0 13. Nd5 Nxd5 14. Bxd5 Qe7 15. Qd3 Kh8 16. Nc4 Rad8 17. Ne3 g6 18. Ra3 Bg5 19. Re1 Bc8 20. Rb3 f5 21. exf5 gxf5 22. Nc4 Rf6 23. Nb6 Be6 24. Bxe6 Qxe6 25. Nd5 Rf7 26. Rd1 Rg7 27. Rc3 Rdg8 28. Nc7 Qf7 29. Qxd6 Bd8 30. Qxe5 Bxc7 31. Qd4 Rd8 32. Rxc7 Rxd4 33. Rc8+ Rg8 34. Rxg8+ Kxg8 35. Rxd4 Qe6 0-1

[Event "GER-ch U18 Girls"]
[Site "Willingen"]
[Date "2007.05.29"]
[Round "6"]
[White "Benzen, Marthe"]
[Black "Guennigmann, Laura"]
[Result "0-1"]
[WhiteElo "1875"]
[BlackElo "1681"]
[PlyCount "122"]
[EventDate "2007.05.26"]
[EventType "swiss"]
[EventRounds "9"]
[EventCountry "GER"]
[SourceTitle "CBM 118 Extra"]
[Source "ChessBase"]
[SourceDate "2007.07.04"]
[SourceVersion "1"]
[SourceVersionDate "2007.07.04"]
[SourceQuality "1"]

1. e4 d5 2. exd5 Qxd5 3. Nc3 Qa5 4. d4 Nf6 5. Bc4 Bf5 6. Bd2 c6 7. Nd5 Qd8 8. Nxf6+ gxf6 9. c3 e6 10. Qe2 Bd6 11. 0-0-0 Qc7 12. Nf3 Nd7 13. Nh4 Bg6 14. g3 0-0-0 15. f4 f5 16. Kb1 Nf6 17. Nxg6 hxg6 18. Bb3 Kb8 19. c4 Rhe8 20. Be3 Qe7 21. Rd3 Bc7 22. Rhd1 Ka8 23. Ba4 Rd7 24. Rb3 Red8 25. Qg2 Ne4 26. Qc2 Bb6 27. Rbd3 Kb8 28. Qb3 Ka8 29. c5 Bc7 30. Qc4 Bb8 31. b4 a6 32. Ra3 Ba7 33. Bb3 Kb8 34. Kc2 Rc7 35. Ra5 Kc8 36. Qe2 Bb8 37. Bc4 Rdd7 38. Bc1 Kd8 39. Bb2 Ke8 40. g4 Rc8 41. Rf1 Ba7 42. Ra3 Kd8 43. Re3 Nf6 44. gxf5 gxf5 45. h4 Ne4 46. Rh3 a5 47. a3 axb4 48. axb4 b6 49. Rd1 Kc7 50. h5 Rcd8 51. b5 cxb5 52. Bxb5 Rd5 53. cxb6+ Bxb6 54. Qc4+ Kb8 55. Kb3 Nd6 56. Ba3 Rc8 57. Qa4 Qd8 58. Be2 Ne4 59. h6 Nf2 60. Rdh1 Nxh1 61. h7 Bxd4 0-1

[Event "GER-ch U18 Girls"]
[Site "Willingen"]
[Date "2007.05.28"]
[Round "4"]
[White "Gasch, Franziska"]
[Black "Guennigmann, Laura"]
[Result "1-0"]
[WhiteElo "1882"]
[BlackElo "1681"]
[PlyCount "101"]
[EventDate "2007.05.26"]
[EventType "swiss"]
[EventRounds "9"]
[EventCountry "GER"]
[SourceTitle "CBM 118 Extra"]
[Source "ChessBase"]
[SourceDate "2007.07.04"]
[SourceVersion "1"]
[SourceVersionDate "2007.07.04"]
[SourceQuality "1"]

1. e4 c5 2. Nc3 Nc6 3. f4 g6 4. Nf3 Bg7 5. Bc4 e6 6. f5 Nge7 7. fxe6 dxe6 8. 0-0 0-0 9. d3 Nd4 10. Kh1 Nec6 11. Bg5 Qc7 12. Qc1 Re8 13. Bf4 Qa5 14. Nxd4 Nxd4 15. e5 b5 16. Bb3 Bb7 17. Qe1 Qb6 18. Qf2 Re7 19. Bg5 Rd7 20. Rae1 a5 21. a4 Nxb3 22. cxb3 Bc6 23. axb5 Bb7 24. Re3 Qc7 25. Bf6 Qc8 26. Rh3 Qf8 27. Qh4 h6 28. Na4 Rd4 29. Qf2 Rg4 30. Rg3 Rxg3 31. Qxg3 Rb8 32. Qf2 Rc8 33. Nb6 Rc7 34. Nc4 Bxf6 35. Qxf6 Qe7 36. Qxe7 Rxe7 37. Nxa5 Bd5 38. Nc4 Kg7 39. Kg1 Rb7 40. Nd6 Rd7 41. Ra1 Kh7 42. b6 h5 43. Ra7 Rxa7 44. bxa7 Kg7 45. Ne8+ Kh6 46. Nc7 Bc6 47. Na6 Kg5 48. Nxc5 Kf4 49. b4 Kxe5 50. b5 Bd5 51. b6 1-0

[Event "Niedersachsen-ch U18"]
[Site "Rotenburg/Wuemme"]
[Date "2007.04.06"]
[Round "9"]
[White "Guennigmann, Laura"]
[Black "Ruetjeroth, Jonas"]
[Result "1-0"]
[WhiteElo "1645"]
[BlackElo "1417"]
[PlyCount "85"]
[EventDate "2007.03.31"]
[EventType "swiss"]
[EventRounds "9"]
[EventCountry "GER"]
[SourceTitle "EXT 2008"]
[Source "ChessBase"]
[SourceDate "2007.11.25"]
[SourceVersion "1"]
[SourceVersionDate "2007.11.25"]
[SourceQuality "1"]

1. e4 e6 2. d4 d5 3. Nc3 Nf6 4. e5 Nfd7 5. Nce2 c5 6. c3 Nc6 7. f4 b5 8. Nf3 b4 9. g4 h6 10. f5 Nb6 11. Bh3 c4 12. Nf4 exf5 13. gxf5 a5 14. Kf2 Rg8 15. Re1 Ra7 16. Qc2 Qc7 17. e6 f6 18. Bg4 Bd6 19. Bh5+ Kf8 20. Ng6+ Ke8 21. e7 Kd7 22. Qe2 Nxe7 23. Nxe7 Bxe7 24. Qxe7+ Kc6 25. Qc5+ Kb7 26. Re7 Bd7 27. Qxc7+ Kxc7 28. Bf7 Rh8 29. Be6 Re8 30. Rxg7 Kb8 31. Bf4+ Ka8 32. Bxd7 Rxd7 33. Rxd7 Nxd7 34. Bxh6 Rb8 35. Re1 bxc3 36. bxc3 a4 37. Bc1 Kb7 38. Bf4 Ra8 39. h4 Rh8 40. Kg3 Rg8+ 41. Kh3 Rh8 42. Re6 Rf8 43. h5 1-0

[Event "Niedersachsen-ch U18"]
[Site "Rotenburg/Wuemme"]
[Date "2007.04.05"]
[Round "8"]
[White "Guennigmann, Laura"]
[Black "Polnau, Manuel"]
[Result "0-1"]
[WhiteElo "1645"]
[BlackElo "1981"]
[PlyCount "62"]
[EventDate "2007.03.31"]
[EventType "swiss"]
[EventRounds "9"]
[EventCountry "GER"]
[SourceTitle "EXT 2008"]
[Source "ChessBase"]
[SourceDate "2007.11.25"]
[SourceVersion "1"]
[SourceVersionDate "2007.11.25"]
[SourceQuality "1"]

1. e4 e6 2. d4 d5 3. Nc3 Bb4 4. e5 c5 5. a3 Bxc3+ 6. bxc3 Ne7 7. Qg4 0-0 8. Bd3 f5 9. exf6 Rxf6 10. Bg5 Rf7 11. Qh5 g6 12. Qd1 Qa5 13. Bd2 Nbc6 14. Nf3 c4 15. Be2 Nf5 16. 0-0 Nd6 17. Ng5 Rf6 18. Bf3 Bd7 19. Re1 Raf8 20. Re2 h6 21. Nh3 Nf7 22. Qc1 e5 23. dxe5 Ncxe5 24. Nf4 Nxf3+ 25. gxf3 Ng5 26. Kg2 Qc7 27. Nxd5 Bh3+ 28. Kh1 Qc6 29. Nxf6+ Rxf6 30. Re3 Rxf3 31. Re8+ Rf8+ 0-1

[Event "Niedersachsen-ch U18"]
[Site "Rotenburg/Wuemme"]
[Date "2007.04.01"]
[Round "2"]
[White "Sauer, Norwin"]
[Black "Guennigmann, Laura"]
[Result "1-0"]
[WhiteElo "2008"]
[BlackElo "1645"]
[PlyCount "91"]
[EventDate "2007.03.31"]
[EventType "swiss"]
[EventRounds "9"]
[EventCountry "GER"]
[SourceTitle "EXT 2008"]
[Source "ChessBase"]
[SourceDate "2007.11.25"]
[SourceVersion "1"]
[SourceVersionDate "2007.11.25"]
[SourceQuality "1"]

1. d4 d5 2. c4 e6 3. Nc3 f5 4. Nf3 c6 5. Bf4 Nf6 6. h3 Be7 7. e3 0-0 8. Qc2 Ne4 9. Bd3 b6 10. Ne5 Bb7 11. 0-0-0 Nd7 12. g4 c5 13. Rhg1 cxd4 14. exd4 Rc8 15. gxf5 exf5 16. f3 Nd6 17. Qa4 Nxe5 18. dxe5 Nf7 19. Bxf5 Rxc4 20. Bxh7+ Kxh7 21. Qc2+ Kh8 22. Qg6 Bf6 23. exf6 Qxf6 24. Qxf6 gxf6 25. Be3 Rg8 26. Rxg8+ Kxg8 27. Kb1 Rh4 28. Nxd5 Rxh3 29. Nxf6+ Kg7 30. Nd7 Rxf3 31. Rg1+ Kh8 32. Nf6 Rxf6 33. Bd4 Be4+ 34. Kc1 Kh7 35. Bxf6 Bd5 36. b3 Kh6 37. Bg7+ Kh5 38. Rd1 Be6 39. Re1 Bd5 40. Re7 a6 41. Ra7 a5 42. Bd4 b5 43. Rxa5 Bc6 44. Ra6 Bd7 45. Ra7 Be6 46. Rb7 1-0